Seeing the wood for the trees (Record no. 76027)

MARC details
000 -LEADER
fixed length control field 00933cab a2200241 4500
001 - CONTROL NUMBER
control field ##L131295
008 - FIXED-LENGTH DATA ELEMENTS--GENERAL INFORMATION
fixed length control field 040302n2005 000 0 eng u
035 ## - SYSTEM CONTROL NUMBER
System control number (Sirsi) u131295
041 0# - LANGUAGE CODE
Language code of text/sound track or separate title eng
100 1# - MAIN ENTRY--PERSONAL NAME
Personal name Brown, Simon
245 00 - TITLE STATEMENT
Title Seeing the wood for the trees
Remainder of title "Loftus-Brigham" and apportionment of damage
260 ## - PUBLICATION, DISTRIBUTION, ETC.
Date of publication, distribution, etc. 2005
490 00 - SERIES STATEMENT
Series statement Construction Law Journal
Volume/sequential designation 21(6) 2005, 431-434(4)
520 ## - SUMMARY, ETC.
Summary, etc. Reviews the judgment in "Loftus-Brigham and another v Ealing LBC" [2003] EWCA Civ 1490, Abs67552) concluding that the claimant must prove that the damage was caused by the defendant.
590 ## - LOCAL NOTE (RLIN)
Local note IKA251005
650 24 - SUBJECT ADDED ENTRY--TOPICAL TERM
Topical term or geographic name entry element LOFTUS-BRIGHAM AND ANOTHER V EALING LBC
650 24 - SUBJECT ADDED ENTRY--TOPICAL TERM
Topical term or geographic name entry element BONNINGTON CASTINGS LTD V WARDLAW
650 24 - SUBJECT ADDED ENTRY--TOPICAL TERM
Topical term or geographic name entry element MCGHEE V NATIONAL COAL BOARD
650 24 - SUBJECT ADDED ENTRY--TOPICAL TERM
Topical term or geographic name entry element FAIRCHILD V GLENHAVEN FUNERAL SERVICES LTD AND OTHERS
651 #4 - SUBJECT ADDED ENTRY--GEOGRAPHIC NAME
Geographic name England and Wales
Chronological subdivision 1543-
690 ## - LOCAL SUBJECT ADDED ENTRY--TOPICAL TERM (OCLC, RLIN)
Topical term or geographic name as entry element Block management
9 (RLIN) 6220
942 ## - ADDED ENTRY ELEMENTS (KOHA)
Suppress in OPAC 0
Holdings
Withdrawn status Lost status Source of classification or shelving scheme Damaged status Not for loan Home library Current library Shelving location Date acquired Total Checkouts Full call number Barcode Date last seen Copy number Price effective from Koha item type
    Dewey Decimal Classification     London London Journal article 18/10/2005   L131295 131295-1001 06/08/2019 1 06/08/2019 Journal article